00636nam a2200181 a 450000100060000000300090000600800410001502000150005604000280007108200180009910000450011724500940016226000300025630000110028650500750029765000300037265000520040214963CO-ViMGA141112s2004 ck r 000 u spa d a9589057799 aCO-ViMGAbspacCO-ViMGA04a321.8098 T4241 aTickner, Arlene; Mejía Quintana, Oscar10aCongreso y democracia en los paises de las región Andina : bDeficiencias y estrategias aBtá, cUniandes, c1997 a434.p. aCongreso y democracia de Bolivia, Colombia, Ecuador, Perú, Venezuela14aCONGRESO - PAISES ANDINOS14aPODER EJECUTIVO - DEMOCRACIA - América LATINA